Alapaththara, (Record no. 54143)

MARC details
000 -LEADER
fixed length control field 00648cam a22002411 4500
001 - CONTROL NUMBER
control field sa 63001790
003 - CONTROL NUMBER IDENTIFIER
control field DLC
005 - DATE AND TIME OF LATEST TRANSACTION
control field 20260227111929.0
008 - FIXED-LENGTH DATA ELEMENTS--GENERAL INFORMATION
fixed length control field 910815s1962 ii 000 1 pan
010 ## - LIBRARY OF CONGRESS CONTROL NUMBER
LC control number sa 63001790
025 ## - OVERSEAS ACQUISITION NUMBER
Overseas acquisition number PL480:I-Pu-171
035 ## - SYSTEM CONTROL NUMBER
System control number (OCoLC)24239642
040 ## - CATALOGING SOURCE
Original cataloging agency DLC
Transcribing agency GEU-T
Modifying agency NSyU
-- DLC
042 ## - AUTHENTICATION CODE
Authentication code premarc
050 00 - LIBRARY OF CONGRESS CALL NUMBER
Classification number PK2659.S4
Item number A78
100 1# - MAIN ENTRY--PERSONAL NAME
Personal name Sethi, Surjit Singh,
Dates associated with a name 1928-
245 00 - TITLE STATEMENT
Title Alapaththara,
Statement of responsibility, etc. Surajīta Siṅgha Seṭhī.
250 ## - EDITION STATEMENT
Edition statement [Pahilī wāra.]
260 ## - PUBLICATION, DISTRIBUTION, ETC.
Place of publication, distribution, etc. Ammritasara,
Name of publisher, distributor, etc. Loka Sāhīta Prakāshān
Date of publication, distribution, etc. [1962]
300 ## - PHYSICAL DESCRIPTION
Extent 250 p.
Dimensions 19 cm.
500 ## - GENERAL NOTE
General note In Panjabi.
500 ## - GENERAL NOTE
General note A novel.

No items available.

Powered by Koha